Estatísticas para Top 10 - Países com maiores desenvolvimento do IDH!

Clique aqui para jogar o quiz

Estatísticas Gerais

  • Esse quiz foi jogado 208 vezes
  • A pontuação média é 8 de 10

Estatísticas das Respostas

Número do IDHPaís% Correto
0,957
Noruega
99%
0,945
Suécia
99%
0,955
Suiça
89%
0,940Dinamarca
88%
0,947Alemanha
83%
0,949Islândia
79%
0,944Austrália
74%
0,955
Irlanda
72%
0,944Holanda
71%
0,949Hong Kong
19%

Distribuição das Pontuações

Percentil de Números Respondidos

Porcentagem de Pessoas com Cada Pontuação

Sua Pontuação Histórica

Você não jogou esse quiz